000 00734nam0a22002411 4500
001 rc\4349092
005 20250611161036.0
021 _aRU
_b[60-13720]
035 _a(NLR Aleph) 008277604
090 _a8496086
_c8496086
100 _a20130416d1960 |||y0rusy50 ca
101 1 _arus
_cund
102 _aRU
105 _ac z |||a|
200 1 _aРадостью полнится сердце
_eСтихи
_eПер. с черкес.
210 _aСтаврополь
_cКн. изд-во
_d1960
215 _a67 с., 1 л. портр.
_d17
700 1 _aГашоков
_bХ.Х.
_f1913-1983
_gХусин Ханахович
801 0 _aRU
_bNLR
_gpsbo
801 1 _aRU
_bELAR
_2rusmarc
852 _aNLR
_j60-2/376
942 _cBOOK
980 _aNB